[Event "3rd Georgi Agzamov Mem"]
[Site "Tashkent AZE"]
[Date "2009.03.17"]
[Round "2"]
[White "Temirov,B"]
[Black "Tseshkovsky,V"]
[Result "0-1"]
[WhiteElo "2243"]
[BlackElo "2542"]

1.d4 Nf6 2.c4 g6 3.Nc3 d5 4.cxd5 Nxd5 5.e4 Nxc3 6.bxc3 Bg7 7.Nf3 c5 8.Rb1 O-O
9.Be2 b6 10.O-O Bb7 11.Qc2 cxd4 12.cxd4 Qc8 13.Qd3 Ba6 14.Qd2 Rd8 15.Ba3 e6
16.Rfc1 Qb7 17.Qf4 e5 18.Qh4 Nd7 19.Bxa6 Qxa6 20.Be7 Rdc8 21.d5 Rxc1+ 22.Rxc1 Rc8
23.Qg5 Rc4 24.h3 Qxa2 25.Rxc4 Qxc4 26.Bd6 Qc8 27.h4 h6 28.Qe3 Qc2 29.h5 Nf6
30.hxg6 fxg6 31.g3 Nxe4 32.Bxe5 Qd1+ 33.Kh2 Qxd5 34.Bxg7 Kxg7 35.Qf4 Nxf2
36.Qc7+ Qf7 37.Qc3+ Kh7 38.Kg2 Ng4 39.Kh3 Qd7 40.Kg2 a5 41.Nh4 Qd5+ 42.Nf3 Qa2+
43.Kg1 Qf2+ 44.Kh1 Qf1+ 45.Ng1 Qf7  0-1

[Event "3rd Georgi Agzamov Mem"]
[Site "Tashkent AZE"]
[Date "2009.03.17"]
[Round "2"]
[White "Arestanov,T"]
[Black "Golod,V"]
[Result "0-1"]
[WhiteElo "2253"]
[BlackElo "2575"]

1.d4 Nf6 2.c4 g6 3.Nc3 d5 4.cxd5 Nxd5 5.e4 Nxc3 6.bxc3 Bg7 7.Bc4 c5 8.Ne2 Nc6
9.Be3 cxd4 10.cxd4 Qa5+ 11.Bd2 Qd8 12.Be3 Qa5+ 13.Bd2 Qa3 14.Rb1 O-O 15.d5 Ne5
16.Bb4 Qf3 17.O-O Qxe4 18.Bb5 Rd8 19.Nc3 Qh4 20.Rb3 Bd7 21.Be2 Rac8 22.g3 Qf6
23.Ne4 Qf5 24.Re3 Be6 25.Bxe7 Rxd5 26.Nd6 Qc2 27.Nxc8 Rxd1 28.Rxd1 h6 29.Nxa7 Nc4
30.Rd8+ Kh7 31.Rxe6 fxe6 32.Bxc4 Qxc4 33.Rd7 Qa4 34.Rc7 Kg8 35.Bc5 Be5 36.Rc8+ Kf7
37.Rd8 g5 38.Nc8 Qxa2 39.Rd7+ Kf6 40.Ne7 Qa1+ 41.Kg2 Qa8 42.Kh3 b5 43.Ra7 Qe4
44.Ra6 Qc4 45.Rc6 Qf1+ 46.Kg4 h5+ 47.Kf3 g4+ 48.Ke3 Qc1+ 49.Ke2 Qc4+ 50.Ke3 Kf7
51.Rc8 b4 52.Bxb4 Qxb4 53.Nc6 Qe1+  0-1

[Event "10th EICC w"]
[Site "St Petersburg RUS"]
[Date "2009.03.19"]
[Round "11"]
[White "Petrukhina,I"]
[Black "Bakalarz,G"]
[Result "1-0"]
[WhiteElo "1905"]
[BlackElo "2024"]

1.d4 Nf6 2.c4 g6 3.Nc3 d5 4.cxd5 Nxd5 5.e4 Nxc3 6.bxc3 Bg7 7.Bc4 c5 8.Ne2 O-O
9.O-O Nc6 10.Be3 Na5 11.Bd3 cxd4 12.cxd4 b6 13.Rc1 Bb7 14.Qd2 Rc8 15.Bh6 Bxh6
16.Qxh6 Qd7 17.h4 Rxc1 18.Rxc1 Rc8 19.Re1 Nc4 20.h5 e5 21.Qg5 Nd6 22.dxe5 Nxe4
23.Bxe4 Bxe4 24.Ng3 Bf5 25.hxg6 Bxg6 26.f4 h6 27.Qxh6 Qg4 28.Qh3 Qxh3 29.gxh3 Rc3
30.Kf2 Bd3 31.Re3 Rc2+ 32.Kf3 Bc4 33.a3 a5 34.f5 Bd5+ 35.Kg4 b5 36.e6 fxe6
37.fxe6 Rc4+ 38.Kf5 Rc6 39.e7 Bf7 40.e8=Q+ Bxe8 41.Rxe8+ Kf7 42.Re3 b4 43.axb4 axb4
44.Rb3 Rc4 45.Ne4 Kg7 46.Ke5 Kg6 47.Kd5 Rc2 48.Rxb4 Rh2 49.Rb3 Kh5 50.Rf3 Kh4
51.Nf2 Rg2 52.Rf4+ Kh5 53.Ke4 Rg8 54.Kf3 Ra8 55.Kg3 Ra3+ 56.Rf3 Ra4 57.Rf5+ Kg6
58.Rf4 Ra1 59.Ne4 Ra3+ 60.Kg4 Rb3 61.h4 Rb4 62.h5+ Kg7 63.Kg5 Rb6 64.Nf6 Rb5+
65.Rf5 Rb7 66.h6+ Kh8 67.Re5 Rb5 68.Nd7  1-0

[Event "10th EICC w"]
[Site "St Petersburg RUS"]
[Date "2009.03.19"]
[Round "11"]
[White "Cedikova,K"]
[Black "Mamedjarova,T"]
[Result "0-1"]
[WhiteElo "2150"]
[BlackElo "2245"]

1.d4 Nf6 2.c4 g6 3.Nc3 d5 4.cxd5 Nxd5 5.e4 Nxc3 6.bxc3 Bg7 7.Bc4 O-O 8.Ne2 b6
9.O-O Bb7 10.Qd3 e6 11.f4 Kh8 12.f5 exf5 13.exf5 Qe7 14.Ng3 c5 15.Bd2 cxd4
16.Rae1 Qd6 17.fxg6 fxg6 18.Re6 Qc5 19.Rxf8+ Qxf8 20.cxd4 Nc6 21.Ne2 Rd8
22.Bc3 Ne5 23.Rxe5 Bxe5 24.Qe3 Bg7 25.d5 Bxc3 26.Qxc3+ Qg7  0-1

[Event "TCh-AUT 1st Bundesliga 2008-9"]
[Site "Ansfelden AUT"]
[Date "2009.03.21"]
[Round "10"]
[White "Beliavsky,A"]
[Black "Ruck,R1"]
[Result "1-0"]
[WhiteElo "2646"]
[BlackElo "2558"]

1.d4 Nf6 2.c4 g6 3.Nc3 d5 4.cxd5 Nxd5 5.e4 Nxc3 6.bxc3 Bg7 7.Bc4 c5 8.Ne2 Nc6
9.Be3 O-O 10.O-O Qc7 11.Rb1 Na5 12.Bd3 e5 13.Qd2 Bd7 14.f4 exd4 15.cxd4 cxd4
16.Nxd4 Rac8 17.Rfc1 Qd6 18.e5 Qd5 19.Be2 Rxc1+ 20.Rxc1 Rc8 21.Rxc8+ Bxc8
22.Qc3 Qd8 23.Nb5 Be6 24.Nc7 b6 25.Nxe6 fxe6 26.Bf2 Qd7 27.h4 Nb7 28.h5 Nc5
29.Bxc5 bxc5 30.Qxc5 Bh6 31.g3 Bf8 32.Qc4 Be7 33.Bd3 Kg7 34.hxg6 hxg6 35.Qe4 Bc5+
36.Kg2 Qe8 37.Kf3 Bb6 38.Bc2 Qf7 39.Qd3 Qe8 40.Kg4 Qf7 41.Qc4 Qe8 42.a4 Qd7
43.Qb4 Qc7 44.Bd3 Qd7 45.Qe4 Qe8 46.Qb7+ Qf7 47.Qc6 Qe7 48.Bc4 Qd8 49.Qb7+ Kf8
50.Qh1 Kg7 51.Bxe6 Qd2 52.Kh3 Qe2 53.Bg4 Qc4 54.Qd1 Kh6 55.Bd7 Qe4 56.Bg4 Qc4
57.Be2 Qe4 58.Bf3 Qe3 59.Qd5 Qa3 60.Qg8 Qe7 61.g4  1-0

[Event "TOP 16 GpA"]
[Site "Clichy FRA"]
[Date "2009.03.21"]
[Round "2"]
[White "Dacalor,A"]
[Black "Lagarde,Max"]
[Result "1/2-1/2"]
[WhiteElo "2041"]
[BlackElo "2343"]

1.d4 Nf6 2.c4 g6 3.Nc3 d5 4.cxd5 Nxd5 5.e4 Nxc3 6.bxc3 Bg7 7.Be3 c5 8.Qd2 Qa5
9.Nf3 Nc6 10.Rb1 a6 11.Rb2 O-O 12.Be2 Rd8 13.O-O Qa4 14.Bd1 Qa5 15.Be2 b5
16.Rd1 Rb8 17.Qc1 cxd4 18.cxd4 Bb7 19.Rbd2 Qa4 20.d5 Na5 21.Qc2 Qxc2 22.Rxc2 Rdc8
23.Rdc1 Rxc2 24.Rxc2 Rc8 25.Rxc8+ Bxc8 26.Nd4 Bd7 27.Kf1 Nc4 28.Bxc4 bxc4
29.Ke1 e6 30.Kd2 exd5 31.exd5 f5 32.Kc3 Bb5 33.f3 Bf8 34.Nc6 Bd6 35.f4 Bc7
36.g3 Kf7 37.Ne5+ Ke8 38.Nxc4 Bxc4 39.Kxc4 Kd7 40.Kc5 Ba5 41.Bd4 Bd8 42.Be5 Ba5
43.d6 Bd8 44.Kd5 Ba5 45.Bd4 Bb4 46.Bc5 Bc3 47.Ba3 Bd2 48.Bc5 Bc3 49.a3 Bd2
50.Bb4 Bc1 51.a4 h5 52.h4 Be3 53.Ke5 Bf2 54.Kf6 Bxg3 55.Kxg6 Bxh4 56.Kxh5 Bg3
57.Kg5 Ke6 58.d7 Kxd7 59.Kxf5 a5 60.Bxa5 Bxf4 61.Kxf4 Kc6  1/2-1/2

[Event "4NCL 2008-9"]
[Site "Hinckley Island ENG"]
[Date "2009.03.21"]
[Round "7"]
[White "Eames,R"]
[Black "Beaumont,C"]
[Result "1-0"]
[WhiteElo "2335"]
[BlackElo "2308"]

1.d4 Nf6 2.c4 g6 3.Nc3 d5 4.cxd5 Nxd5 5.e4 Nxc3 6.bxc3 Bg7 7.Bc4 c5 8.Ne2 Nc6
9.Be3 O-O 10.O-O Bd7 11.Rb1 Qc7 12.Qd2 Rad8 13.Bh6 Na5 14.Bd3 e5 15.d5 b6
16.Ng3 f6 17.Be3 Nb7 18.f4 Bh6 19.f5 Bxe3+ 20.Qxe3 Kg7 21.c4 Nd6 22.h4 b5
23.cxb5 c4 24.Rfc1 Rc8 25.fxg6 hxg6 26.a4 Rh8 27.h5 gxh5 28.Be2 Qb6 29.Qxb6 axb6
30.Nxh5+ Kf7 31.Ng3 Rhg8 32.Kf2 Ra8 33.Rb4 Rgc8 34.Rc3 Rc7 35.Ke1 Ke7 36.Kd2 Rg8
37.Kc1 f5 38.exf5 Bxf5  1-0

[Event "10th Dos Hermanas Internet"]
[Site "ICC INT"]
[Date "2009.03.21"]
[Round "3.2"]
[White "Kovalyov,A"]
[Black "Zinchenko,Ya"]
[Result "1/2-1/2"]
[WhiteElo "2557"]
[BlackElo "2527"]

1.c4 Nf6 2.Nc3 d5 3.cxd5 Nxd5 4.d4 g6 5.e4 Nxc3 6.bxc3 Bg7 7.Bg5 c5 8.Rc1 h6
9.Be3 Qa5 10.Qd2 cxd4 11.cxd4 Qxd2+ 12.Kxd2 O-O 13.Nf3 Rd8 14.Bb5 a6 15.Ba4 Nc6
16.Bxc6 bxc6 17.Rxc6 Bb7 18.Rc7 Bxe4 19.Rxe7 Bd5 20.a4 Rab8 21.Rc1 Rb4 22.Rcc7 Rxa4
23.Red7 Rxd7 24.Rxd7 Be6 25.Rd8+ Kh7 26.Ne5 a5 27.Ra8 Ra2+ 28.Kc3 a4 29.Ra7 Kg8
30.Ra8+ Kh7 31.Ra7 Kg8 32.Ra8+ Kh7 33.Ra7  1/2-1/2

[Event "TCh-BEL 2008-9"]
[Site "Belgium BEL"]
[Date "2009.03.22"]
[Round "11"]
[White "Lacrosse,M"]
[Black "Bolzoni,V"]
[Result "1-0"]
[WhiteElo "2181"]
[BlackElo "2190"]

1.d4 Nf6 2.c4 g6 3.Nc3 d5 4.cxd5 Nxd5 5.e4 Nxc3 6.bxc3 Bg7 7.Be3 c5 8.Rc1 Qa5
9.Qd2 O-O 10.d5 f5 11.c4 Qxd2+ 12.Kxd2 b6 13.f3 f4 14.Bf2 Nd7 15.Ne2 Ne5
16.Nc3 g5 17.h3 h5 18.Be2 e6 19.a4 Ba6 20.Nb5 Bxb5 21.axb5 a6 22.bxa6 Rxa6
23.Rc2 Rd8 24.Rd1 Nc6 25.Ke1 Nb4 26.Rcc1 Bb2 27.dxe6 Re8 28.Rb1 Bc3+ 29.Kf1 Rxe6
30.Rd5 Bf6 31.h4 g4 32.Rxh5 g3 33.Bg1 Kg7 34.Rf5 Ra2 35.Rxf4 Rd6 36.Rg4+ Kf7
37.f4 Rdd2 38.Bf3 Bd4 39.Bxd4 cxd4 40.Rxg3 d3 41.Kg1 Rdb2 42.Rd1 Rc2 43.h5 Rxc4
44.h6 Rc6 45.Bh5+ Ke7 46.Rg6 Rxg6 47.Bxg6 Kf6 48.h7 Ra8 49.Bf5 b5 50.g4 Rb8
51.Kf2 Nc6 52.Rxd3 Ne7 53.e5+ Kf7 54.Be4 b4 55.f5  1-0

[Event "Open B"]
[Site "Zagreb CRO"]
[Date "2009.03.23"]
[Round "3"]
[White "Keglevic,P"]
[Black "Brajdic,D"]
[Result "1/2-1/2"]
[WhiteElo "2267"]
[BlackElo "2142"]

1.d4 Nf6 2.c4 g6 3.Nc3 d5 4.cxd5 Nxd5 5.e4 Nxc3 6.bxc3 Bg7 7.Bc4 c5 8.Ne2 O-O
9.O-O cxd4 10.cxd4 Nc6 11.Be3 Bg4 12.f3 Na5 13.Bd3 Be6 14.Qa4 a6 15.Rfd1 b5
16.Qb4 Bc4 17.Bxc4 Nxc4 18.Bf2  1/2-1/2

[Event "Spring Open"]
[Site "Belgrade SRB"]
[Date "2009.03.24"]
[Round "4"]
[White "Brakus,D"]
[Black "Maksimovic,Mir"]
[Result "0-1"]
[WhiteElo "2077"]
[BlackElo "2269"]

1.d4 Nf6 2.c4 g6 3.Nc3 d5 4.cxd5 Nxd5 5.e4 Nxc3 6.bxc3 Bg7 7.Bc4 c5 8.Be3 Nc6
9.Ne2 O-O 10.O-O Bg4 11.f3 Bd7 12.Rb1 a6 13.dxc5 Na5 14.Bd5 Bb5 15.a4 Bc4
16.Rb4 Bxe2 17.Qxe2 Bxc3 18.Rb6 Qc7 19.Qc2 Bg7 20.Rfb1 Rab8 21.Qd2 Nc6 22.Bxc6 bxc6
23.Qd3 Be5 24.h3 Rfd8 25.Qxa6 Ra8 26.Qc4 Bf4 27.Bf2 Bg3 28.Rb7 Qxb7 29.Rxb7 Rd1+
30.Qf1 Bh2+ 31.Kxh2 Rxf1 32.Bh4 g5 33.Bxg5 f6 34.Bf4 Kf8 35.Rb6 Rxa4 36.Rxc6 Ra2
37.e5 Rff2 38.Kg3 Rxg2+ 39.Kh4 Ra4  0-1

[Event "Spring Open"]
[Site "Belgrade SRB"]
[Date "2009.03.24"]
[Round "4"]
[White "Djurdjevic,P2"]
[Black "Fustar,J"]
[Result "1-0"]
[WhiteElo "1993"]
[BlackElo "1784"]

1.d4 Nf6 2.c4 g6 3.Nc3 d5 4.cxd5 Nxd5 5.e4 Nxc3 6.bxc3 Bg7 7.Bc4 c5 8.Ne2 O-O
9.O-O Nc6 10.Be3 Bg4 11.f3 Na5 12.Bd3 Bd7 13.Rb1 c4 14.Bc2 Qc8 15.Qd2 a6
16.Bh6 Nc6 17.Bxg7 Kxg7 18.Ng3 e6 19.e5 Ne7 20.Qg5 Ng8 21.Nh5+ Kh8 22.Nf6 h6
23.Qh4 Qd8 24.Qf4 Kg7 25.Nxg8 Rxg8 26.Rxb7 Rf8 27.Rfb1 Bc6 28.R7b6 Qd7 29.Be4 Bd5
30.Rd6  1-0

[Event "25th Spring Festival"]
[Site "Budapest HUN"]
[Date "2009.03.24"]
[Round "5"]
[White "Ritter,G"]
[Black "Ngo Tan,Do"]
[Result "1/2-1/2"]
[WhiteElo "2131"]
[BlackElo "1929"]

1.d4 Nf6 2.c4 g6 3.Nc3 d5 4.cxd5 Nxd5 5.e4 Nxc3 6.bxc3 Bg7 7.Nf3 O-O 8.Be2 c5
9.O-O Nc6 10.Be3 Qa5 11.d5 Ne5 12.Nd2 Nd7 13.Rc1 Qc7 14.f4 b6 15.Nf3 Bb7
16.c4 Rad8 17.Qc2 Nf6 18.Ne5 e6 19.Rcd1 exd5 20.cxd5 Ne8 21.Nc4 f5 22.exf5 gxf5
23.Bf3 Ba6 24.Rfe1 Nd6 25.Nxd6 Qxd6 26.g3 c4 27.Bf2 Qa3 28.Kg2 Bb5 29.Bd4 Ba4
30.Qxc4 Bxd1 31.Rxd1 Qd6 32.Bxg7 Kxg7 33.Re1 Rc8 34.Qd4+ Qf6 35.Qd2 Qc3 36.Qf2 Rfe8
37.Rd1 Qc2 38.Rd2 Qc5 39.Qf1 Qc3 40.Qd1 Qc1 41.Qxc1 Rxc1 42.d6 Rd8 43.Bh5 Rc7
44.Be8 Re7  1/2-1/2

[Event "Open"]
[Site "Reykjavik ISL"]
[Date "2009.03.24"]
[Round "1"]
[White "Palsson,S"]
[Black "Guilleux,F"]
[Result "0-1"]
[WhiteElo "1720"]
[BlackElo "2303"]

1.d4 Nf6 2.c4 g6 3.Nc3 d5 4.cxd5 Nxd5 5.e4 Nxc3 6.bxc3 Bg7 7.Be3 c5 8.h3 Qa5
9.Qd2 Nc6 10.Rd1 Be6 11.Ne2 Bc4 12.Nc1 Bxf1 13.Rxf1 cxd4 14.cxd4 Nb4 15.Nb3 Nc2+
16.Ke2 Qxa2 17.Na5 Bxd4 18.Kf3 O-O 19.Nxb7 Bg7 20.Nc5 Qb2 21.e5 Bxe5 22.Bh6 Qa3+
23.Nd3 Nd4+ 24.Ke4 Rfd8 25.Nxe5 f5+  0-1

[Event "Spring Open"]
[Site "Belgrade SRB"]
[Date "2009.03.26"]
[Round "5"]
[White "Brujic,B"]
[Black "Zivkovic,S"]
[Result "1-0"]
[WhiteElo "2194"]
[BlackElo "2280"]

1.d4 Nf6 2.c4 g6 3.Nc3 d5 4.cxd5 Nxd5 5.e4 Nxc3 6.bxc3 Bg7 7.Bc4 c5 8.Ne2 O-O
9.O-O Nc6 10.Be3 Bd7 11.Rb1 a6 12.dxc5 Na5 13.Bd5 Qc7 14.Qc1 Bb5 15.c4 Bd7
16.Qa3 Be5 17.f4 Bg7 18.Rb6 Nc6 19.Rfb1 Rab8 20.e5 g5 21.g3 e6 22.Be4 gxf4
23.gxf4 f6 24.exf6 Bxf6 25.Qd3 Rf7 26.Qd6 Qxd6 27.cxd6 Na5 28.Rc1 Bd8 29.Rb2 Bf6
30.Rbc2 Ba4 31.Rd2 Rc8 32.c5 Bb5 33.Bd3 Bc6 34.Ng3 Bh4 35.Rb2 Bd5 36.Ne4 Nc6
37.Rg2+ Kf8 38.Rg4 Rg7 39.h3 Rxg4+ 40.hxg4 Nb4 41.Bb1 Nxa2 42.Bxa2 Bxa2 43.g5 h6
44.Nc3 Bc4 45.Rb1 hxg5 46.fxg5 Bxg5 47.Bxg5 Rxc5 48.Be7+ Ke8 49.Rxb7 Bd5
50.Rb8+  1-0

[Event "25th Spring Festival"]
[Site "Budapest HUN"]
[Date "2009.03.26"]
[Round "7"]
[White "Somogyi,I"]
[Black "Ngo Tan,Do"]
[Result "1-0"]
[WhiteElo "2224"]
[BlackElo "1929"]

1.d4 Nf6 2.c4 g6 3.Nc3 d5 4.cxd5 Nxd5 5.e4 Nxc3 6.bxc3 Bg7 7.Bc4 O-O 8.Ne2 c5
9.Be3 cxd4 10.cxd4 b5 11.Bd5 Nd7 12.Bxa8 Nb6 13.Bd5 Nxd5 14.exd5 Qxd5 15.O-O Bb7
16.Nf4 Qg5 17.Rc1 e5 18.dxe5 Bxe5 19.Rc5 Rd8 20.Rxe5 Qh4 21.g3 Qf6 22.Qa1 Qc6
23.f3 h6 24.Rc5 Qd6 25.Qe5  1-0

[Event "Open"]
[Site "Reykjavik ISL"]
[Date "2009.03.26"]
[Round "3"]
[White "Rombaldoni,D"]
[Black "Gupta,Ab"]
[Result "1/2-1/2"]
[WhiteElo "2418"]
[BlackElo "2569"]

1.d4 Nf6 2.c4 g6 3.Nc3 d5 4.cxd5 Nxd5 5.e4 Nxc3 6.bxc3 Bg7 7.Bc4 O-O 8.Ne2 c5
9.O-O Nc6 10.Be3 Bd7 11.Rb1 a6 12.dxc5 Qc7 13.Rb6 Na5 14.Bd3 Rfd8 15.Qb1 e5
16.c4 Be6 17.Nc3 Bf8 18.Nd5 Qc8 19.Bg5 Qxc5 20.Bxd8 Rxd8 21.Rb2 Qa7 22.Qe1 Qc5
23.Qe3 Qxe3 24.fxe3 Ba3 25.Rc2 Bc5 26.Kf2 Kg7 27.Ke2 Rd6 28.h3 h5 29.Rb2 Rd7
30.Rbb1 Rd8 31.Rf3 Rc8 32.Kd2 Rc6 33.Rbf1 Ba3 34.Rb1 Kf8 35.Rff1 Ke8 36.g4 h4
37.Rf2 Kf8 38.Kd1 Bc5  1/2-1/2

[Event "ITT Proyeccion U20"]
[Site "Buenos Aires ARG"]
[Date "2009.03.28"]
[Round "5"]
[White "Guerrero,Alv"]
[Black "Shcherbine,A"]
[Result "1-0"]
[WhiteElo "2178"]
[BlackElo "2171"]

1.d4 Nf6 2.c4 g6 3.Nc3 d5 4.cxd5 Nxd5 5.e4 Nxc3 6.bxc3 Bg7 7.Bc4 O-O 8.Ne2 c5
9.O-O cxd4 10.cxd4 a6 11.a4 Nc6 12.Be3 Bg4 13.f3 Bd7 14.Rb1 Na5 15.Bd3 Rb8
16.Bf4 Rc8 17.Kh1 Qe8 18.Qe1 Nc4 19.Rxb7 e5 20.dxe5 Bxa4 21.Qb4 a5 22.Qe1 Nxe5
23.Ba6 Qd8 24.Qa1 Ra8 25.Qxa4 Rxa6 26.Rb5 Nc6 27.Rd5 Qa8 28.Rfd1 Nb4 29.Rd7 Qc6
30.Qa3 Qc2 31.R7d2 Qc4 32.Rc1 Qb5 33.Nd4 Bxd4 34.Rxd4 Rc6 35.Bh6 Re8 36.Rcd1 Nc2
37.Rd8 Rc8 38.Rxe8+ Rxe8 39.Qc3  1-0

[Event "Open"]
[Site "Reykjavik ISL"]
[Date "2009.03.30"]
[Round "7"]
[White "Guilleux,F"]
[Black "Gupta,Ab"]
[Result "0-1"]
[WhiteElo "2303"]
[BlackElo "2569"]

1.d4 Nf6 2.c4 g6 3.Nc3 d5 4.cxd5 Nxd5 5.e4 Nxc3 6.bxc3 Bg7 7.Bc4 O-O 8.Ne2 c5
9.O-O Nc6 10.Be3 Bg4 11.f3 Bd7 12.Rb1 Rc8 13.Bd3 Qc7 14.f4 Rfd8 15.d5 Na5
16.c4 b5 17.cxb5 e6 18.d6 Qxd6 19.e5 Qc7 20.Nc3 Be8 21.Qe2 f6 22.exf6 Bxf6
23.Ne4 Bd4 24.Bxd4 Rxd4 25.Bc2 Bf7 26.Rf3 Rcd8 27.Rbf1 Nc4 28.Bb3 Rxe4 29.Qxe4 Nd2
30.Qc6 Qxc6 31.bxc6 Rc8 32.Ba4 Be8 33.Rc1 Nxf3+ 34.gxf3 Bxc6 35.Rxc5 Bb7
36.Rxc8+ Bxc8 37.Kf2 Bb7 38.a3 Kf7 39.Ke3 Ke7 40.Bd1 Kd6 41.Kd4 Bd5 42.Be2 Bb3
43.Bd3 Bd1 44.Be4 Be2 45.Bb7 Bb5 46.Be4 Bf1 47.Bc2 Be2 48.Be4 Bd1 49.Bb7 Bb3
50.Ba6 Bc2 51.Bb7 Ba4 52.Ba6 Bc6 53.Be2 Bb7 54.Bd1 Bd5 55.Be2 Kc6 56.Bc4 h5
57.a4 h4 58.h3 Kd6  0-1

[Event "16th TCh-RUS HL"]
[Site "Dagomys RUS"]
[Date "2009.04.06"]
[Round "5"]
[White "Slugin,S"]
[Black "Evdokimov,Alexa"]
[Result "0-1"]
[WhiteElo "2439"]
[BlackElo "2546"]

1.d4 Nf6 2.c4 g6 3.Nc3 d5 4.cxd5 Nxd5 5.e4 Nxc3 6.bxc3 Bg7 7.Nf3 c5 8.Be3 Qa5
9.Qd2 Nc6 10.Rc1 cxd4 11.cxd4 Qxd2+ 12.Kxd2 O-O 13.d5 Rd8 14.Ke1 Nb4 15.a3 Na2
16.Rc7 Rd7 17.Rc4 b5 18.Rc5 Nc3 19.Bxb5 Nxb5 20.Rxb5 Ba6 21.Rc5 f5 22.exf5 gxf5
23.Nh4 Bb2 24.Bd2 Bd3 25.g4 fxg4 26.Rg1 h5 27.d6 e5 28.h3 Bd4 29.Rc7 Rf8
30.Be3 Bxe3 31.fxe3 Rxd6 32.hxg4 hxg4 33.e4 Rf4 34.Nf5 Rb6 35.Kd2 Bxe4 36.Ne7+ Kf8
37.Kc3 Rf2 38.Rc1 g3 39.Nc8 Rb1  0-1

[Event "Arnold Eikrem Memorial"]
[Site "Oslo NOR"]
[Date "2009.04.07"]
[Round "4"]
[White "Ogaard,L"]
[Black "Elsness,F"]
[Result "1/2-1/2"]
[WhiteElo "2403"]
[BlackElo "2441"]

1.d4 Nf6 2.c4 g6 3.Nc3 d5 4.cxd5 Nxd5 5.e4 Nxc3 6.bxc3 Bg7 7.Bc4 c5 8.Ne2 O-O
9.O-O Nc6 10.Be3 Na5 11.Bb5 cxd4 12.cxd4 b6 13.Rc1 e6 14.Qd2 Bb7 15.f3 a6
16.Bd3 Nc6 17.Bb1 b5 18.Bg5 Qb6 19.Rfd1 Nxd4 20.Nxd4 e5 21.Be3 exd4 22.Bxd4 Bxd4+
23.Qxd4 Qxd4+ 24.Rxd4 Rfd8 25.Rcd1 Rxd4 26.Rxd4 Rc8 27.Kf2 Rc1 28.Rb4 Kf8
29.a4 Bc6 30.axb5 Bxb5 31.Rb2 Ke7 32.Ba2 f6 33.Rd2 a5 34.Rb2 Bc6 35.Bd5 Bxd5
36.exd5 Rc7 37.Rb6 Ra7 38.Re6+ Kf7 39.Re3 Rb7 40.d6 h5 41.h4 Rd7 42.Ra3 Ra7
43.Re3 f5 44.g3 a4 45.f4 Rb7 46.Kg2 Rd7 47.Ra3 Ra7 48.Re3 Rb7 49.Kf2 Rb2+
50.Kf1 Rb1+ 51.Kf2 Rb7 52.Kg2 Kf6 53.Re8 Ra7 54.Re3 Rb7 55.Re8 Rb2+ 56.Kh3 Rd2
57.Ra8 Rd4 58.d7 Ke7 59.d8=Q+ Rxd8 60.Rxa4  1/2-1/2

[Event "XXXVI Open"]
[Site "La Roda ESP"]
[Date "2009.04.08"]
[Round "1"]
[White "Vera Gonzalez Quevedo,R"]
[Black "Perez Garcia,Ju"]
[Result "1-0"]
[WhiteElo "2479"]
[BlackElo "2023"]

1.d4 Nf6 2.c4 g6 3.Nc3 d5 4.cxd5 Nxd5 5.e4 Nxc3 6.bxc3 Bg7 7.Nf3 c5 8.Rb1 O-O
9.Be2 cxd4 10.cxd4 Qa5+ 11.Bd2 Qxa2 12.O-O Bd7 13.Ra1 Qe6 14.Qb1 Qg4 15.h3 Qh5
16.Ra5 e5 17.Qxb7 Bc6 18.Qb1 Nd7 19.d5 Rab8 20.Qd1  1-0

[Event "ch-WLS"]
[Site "Cardiff WLS"]
[Date "2009.04.10"]
[Round "1"]
[White "Rees,I"]
[Black "Davis,Le"]
[Result "1-0"]
[WhiteElo "2307"]
[BlackElo "1954"]

1.d4 Nf6 2.c4 g6 3.Nc3 d5 4.cxd5 Nxd5 5.e4 Nxc3 6.bxc3 Bg7 7.Nf3 O-O 8.Rb1 c5
9.Be2 Nc6 10.d5 Ne5 11.Nxe5 Bxe5 12.Qd2 Qa5 13.Rb3 c4 14.Bxc4 Bd7 15.Be2 Ba4
16.Rb4 Rfc8 17.Bb2 b5 18.Ba1 Rc5 19.f4 Bg7 20.O-O Rac8 21.e5 Qd8 22.Rd4 f6
23.Bg4 f5 24.Bf3 a5 25.d6 e6 26.Bd1 Bxd1 27.Rxd1 g5 28.g3 Bh6 29.d7 R8c6
30.Qe2 gxf4 31.Qh5 Bg5 32.gxf4 Be7 33.Qe8+ Kg7 34.R4d3 Rd5 35.Rg3+ Kh6 36.Rh3+ Kg7
37.Rdd3 Rxd3 38.Rxd3 Bc5+ 39.Kg2 Bb6 40.Rg3+ Kh6 41.Qf7  1-0

[Event "Foxwoods Open"]
[Site "Ledyard USA"]
[Date "2009.04.11"]
[Round "6"]
[White "Van Wely,L"]
[Black "Sarkar,J"]
[Result "1-0"]
[WhiteElo "2622"]
[BlackElo "2410"]

1.d4 Nf6 2.c4 g6 3.Nc3 d5 4.cxd5 Nxd5 5.e4 Nxc3 6.bxc3 Bg7 7.Nf3 c5 8.Rb1 O-O
9.Be2 cxd4 10.cxd4 Qa5+ 11.Bd2 Qxa2 12.O-O b6 13.Bg5 Qe6 14.Re1 h6 15.d5 Qd7
16.Bf4 Ba6 17.Rc1 Bxe2 18.Qxe2 a5 19.Qe3 g5 20.Be5 b5 21.Bxg7 Kxg7 22.Nxg5 hxg5
23.Qxg5+ Kh7 24.Qh5+ Kg7 25.Re3 Ra6 26.Rc6 Rxc6 27.dxc6 Qxc6 28.Rg3+ Qg6
29.Qe5+ Kg8 30.Rxg6+ fxg6 31.Qxb5 Rc8 32.h4  1-0

[Event "11th European Senior Team"]
[Site "Velden AUT"]
[Date "2009.04.13"]
[Round "9"]
[White "Bergen,P"]
[Black "Van Geffen,B"]
[Result "1/2-1/2"]
[WhiteElo "2170"]
[BlackElo "2134"]

1.d4 Nf6 2.c4 g6 3.Nc3 d5 4.cxd5 Nxd5 5.e4 Nxc3 6.bxc3 Bg7 7.Nf3 c5 8.Rb1 O-O
9.Be2 cxd4 10.cxd4 Qa5+ 11.Bd2 Qxa2 12.O-O Bg4 13.d5 Nd7 14.Bb4 Rfe8 15.h3 Bxf3
16.Bxf3 a5 17.Bd2 Qc4 18.Rxb7 Ne5 19.Bc1 Bf6 20.Ba3 Qc3 21.Bb2 Nxf3+ 22.Qxf3 Qxf3
23.gxf3 Bxb2 24.Rxb2 Rec8 25.Ra1 Rc4 26.Rba2 a4 27.Kf1 Kg7 28.Ke2 e5 29.dxe6 fxe6
30.Kd3 Rb4 31.Ra3 e5 32.Rc1 Rd8+ 33.Ke3 Rd7 34.f4 exf4+  1/2-1/2

[Event "XXVII Open"]
[Site "Metz FRA"]
[Date "2009.04.14"]
[Round "6"]
[White "Vernay,C"]
[Black "Zinchenko,Ya"]
[Result "1-0"]
[WhiteElo "2440"]
[BlackElo "2531"]

1.d4 Nf6 2.c4 g6 3.Nc3 d5 4.cxd5 Nxd5 5.e4 Nxc3 6.bxc3 Bg7 7.Bc4 c5 8.Ne2 Nc6
9.Be3 O-O 10.O-O Bd7 11.Rb1 Qc7 12.Nf4 Qc8 13.dxc5 e6 14.Be2 Rd8 15.Qb3 Na5
16.Qb4 Qc7 17.Nd3 Rdc8 18.Bf4 e5 19.Bg3 Be6 20.f4 Bxa2 21.Ra1 Nc6 22.Qa4 Be6
23.f5 Bd7 24.Qa2 Be8 25.Nb4 Nxb4 26.cxb4 Rd8 27.f6 Bh6 28.Bc4 Rd4 29.Rae1 Bd2
30.Qb3 Ba4 31.Qxa4 Rxc4 32.Qa2 Rd4 33.Rd1 Be3+ 34.Bf2 Bxf2+ 35.Qxf2 Rad8
36.Qe3 Kf8 37.Qh6+ Ke8 38.Qxh7 Rxd1 39.Qg8+ Kd7 40.Rxd1+ Kc8 41.Rxd8+ Qxd8
42.Qxd8+ Kxd8 43.g4 g5 44.h4 gxh4 45.g5 a6 46.Kh2 Ke8 47.Kh3 Kf8 48.Kxh4 Kg8
49.Kg4  1-0

[Event "4th Open"]
[Site "Angers FRA"]
[Date "2009.04.17"]
[Round "2"]
[White "Bouget,A"]
[Black "Perez,Ale2"]
[Result "1-0"]
[WhiteElo "2045"]
[BlackElo "1916"]

1.d4 Nf6 2.c4 g6 3.Nc3 d5 4.cxd5 Nxd5 5.e4 Nxc3 6.bxc3 Bg7 7.Ba3 O-O 8.Qb3 Nd7
9.Rd1 Re8 10.Bd3 Nb6 11.Ne2 Bd7 12.Qb1 Ba4 13.Rd2 Qd7 14.O-O a6 15.f4 Bb5
16.f5 Bxd3 17.Qxd3 Qb5 18.fxg6 hxg6 19.Qf3 f5 20.Rb2 Qc6 21.exf5 Qxf3 22.Rxf3 gxf5
23.Rxf5 Nc4 24.Rb3 b5 25.Bc5 Rf8 26.Ng3 Rf7 27.Rxf7 Kxf7 28.Rb1 Re8 29.Rf1+ Kg8
30.Re1 e5 31.Nf5 Bf6 32.h4 Kh7 33.g3 e4 34.Ne3 Nxe3 35.Rxe3 Rg8 36.Kh2 Re8
37.Kh3 Bg7 38.g4 Kg6 39.Kg3 Bf6 40.g5 Bd8 41.Kg4 c6 42.h5+ Kg7 43.Bd6 a5
44.Be5+ Kf7 45.Rxe4 Rg8 46.Bf4 Be7 47.g6+ Kf8 48.Bh6+ Ke8 49.Bg5 Rg7 50.Bf6  1-0

[Event "ch-MGL"]
[Site "Ulan Bator MGL"]
[Date "2009.04.17"]
[Round "11"]
[White "Oyunbaatar,T"]
[Black "Erdene,G"]
[Result "0-1"]
[WhiteElo "2306"]
[BlackElo "2206"]

1.d4 Nf6 2.c4 g6 3.Nc3 d5 4.cxd5 Nxd5 5.e4 Nxc3 6.bxc3 Bg7 7.Nf3 c5 8.Rb1 O-O
9.Be2 Qa5 10.O-O Qxc3 11.Bd2 Qa3 12.Qc2 Nc6 13.Rb3 Qa4 14.d5 Nd4 15.Nxd4 cxd4
16.Bb5 d3 17.Qxd3 Qd4 18.Bc3 Qxd3 19.Bxd3 Rd8 20.Bb4 e6 21.Be7 Rd7 22.d6 a6
23.a4 Be5 24.Rb6 Bd4 25.Rfb1 Bxb6 26.Rxb6 f5 27.e5 Rxe7 28.dxe7 Kf7 29.a5 Kxe7
30.f4 Ra7 31.Kf2 Bd7 32.Ke3 Bc6 33.g3 Ra8 34.Bc4 h6 35.h4 Kd7 36.Kd4 g5 37.hxg5 hxg5
38.fxg5 Rg8 39.Kc5 Kc7 40.Bxe6 Re8 41.Bf7 Rxe5+ 42.Kd4 Re4+ 43.Kc5 Rg4 44.g6 Rxg3
45.Rb3 Rg5 46.Rh3 f4+ 47.Kd4 f3 48.Ke3 Re5+ 49.Kf2 Re2+ 50.Kf1 Rc2 51.Rxf3 Bxf3
52.g7 Rg2 53.g8=Q Rxg8 54.Bxg8 Bc6 55.Ke1  0-1

[Event "PWC Open"]
[Site "Toronto CAN"]
[Date "2009.04.18"]
[Round "2"]
[White "Inigo,A"]
[Black "Urquhart,E"]
[Result "1/2-1/2"]
[WhiteElo "1906"]
[BlackElo "2209"]

1.d4 Nf6 2.c4 g6 3.Nc3 d5 4.cxd5 Nxd5 5.e4 Nxc3 6.bxc3 Bg7 7.Nf3 c5 8.Rb1 O-O
9.Be2 cxd4 10.cxd4 Qa5+ 11.Qd2 Qxd2+ 12.Bxd2 b6 13.O-O Bb7 14.d5 Na6 15.Rfc1 Rfc8
16.Be3 Bf8 17.Ne5 Nc7 18.Rc2 Ne8 19.Rbc1 Nd6 20.f3 Rxc2 21.Rxc2 Rc8 22.Rxc8 Nxc8
23.Nc6 f5 24.Bc4 Nd6 25.Bb3 fxe4 26.fxe4 Kh8 27.e5 Nf5 28.Bf2 e6 29.g4 Nh6
30.h3 exd5 31.Bxd5 Ng8 32.Bh4 Bxc6 33.Bxc6 Bc5+ 34.Kh2 Ne7 35.Ba4 Kg7 36.Bb3 Kf8
37.Bg3 Nc6 38.Kg2 g5 39.Kf3 Ke7 40.Ke4 Nd4 41.Bd1 Ne6 42.Bb3 Ng7 43.h4 h6
44.Be1 Kd7  1/2-1/2

[Event "CCF Easter"]
[Site "Coulsdon ENG"]
[Date "2009.04.19"]
[Round "13"]
[White "Savage,B"]
[Black "Lundin,J"]
[Result "1/2-1/2"]
[WhiteElo "2330"]
[BlackElo "2337"]

1.d4 Nf6 2.c4 g6 3.Nc3 d5 4.cxd5 Nxd5 5.e4 Nxc3 6.bxc3 Bg7 7.Qa4+ c6 8.Nf3 O-O
9.Be2 Bg4 10.Be3 Nd7 11.h3 Bxf3 12.Bxf3 e5 13.O-O exd4 14.cxd4 c5 15.Qc4 cxd4
16.Bxd4 Rc8 17.Qd5 Ne5 18.Bxe5 Qxd5 19.exd5 Bxe5 20.Rac1 Bd6 21.Rfd1 h5 22.Kf1 Rfe8
23.Rxc8 Rxc8 24.Ke2 Kg7 25.Rd2 b5 26.Kd3 Kf6 27.Rb2 a6 28.Bd1 Rc1 29.Bb3 h4
30.Rc2 Rxc2 31.Bxc2 Ke5 32.a4 Bc5 33.axb5 axb5 34.f3 f5 35.Bb3 Bd6 36.Ba2 Kf4
37.Ke2 Be5 38.Bb3 Kg5 39.Ke3 Kf6 40.Bd1 Ke7 41.Be2 b4 42.Bc4 Kd6 43.Kd3 Kc5
44.Bb3 Bg3 45.Ke3 Bh2 46.Ba2 Be5 47.Bb3 Bf6 48.Ba2 Bg5+ 49.Kd3 Bf4 50.Bb3 Bh2
51.Ba2 Bg1 52.Bb3 Bf2 53.Ba2 Kb5 54.Bb3 Bc5 55.Bc2 Bf2  1/2-1/2